000 00762 a2200205 4500
001 54409
005 20260407155817.0
008 260407a1971 arg spa d
003 AR-UNSa-BCEJYS
040 _aAR-UNSa-BCEJYS
_bspa
_cAR-UNSa-BCEJYS
080 _a314.7
_xMigración
245 1 0 _aLas migraciones humanas
264 1 _aBarcelona :
_bOikos-tau
_c1971
300 _a120 p.
_c18 cm.
505 _aPrimera parte: La migraciones hasta 1815 - Segunda parte: La migraciones interiores - Tercera parte: Las migraciones continentales - Cuarta parte: Las migraciones intercontinentales - Quinta parte: Las migraciones internacionales después de 1914
041 _aspa
942 _cBK
590 _aniveau_biblio:m niveau_hierar:0
100 1 _aDollot, Louis
999 _c5566
_d5566